[Event "Jean-Pierre Roy mem"]
[Site "Gatineau CAN"]
[Date "2003.11.11"]
[Round "5"]
[White "Lacourse, Guy"]
[Black "Menard, Marc"]
[Result "1-0"]
[WhiteElo "1623"]
[BlackElo "1618"]
[PlyCount "85"]
[EventDate "2003.10.14"]
[EventType "swiss"]
[EventRounds "5"]
[EventCountry "CAN"]

1. d4 Nf6 2. Nf3 d5 3. c4 g6 4. cxd5 Nxd5 5. e4 Nb6 6. g3 Bg7 7. Bg2 e6 8. O-O
O-O 9. Nc3 Nc6 10. d5 exd5 11. Nxd5 Nxd5 12. Qxd5 Qxd5 13. exd5 Ne7 14. d6 cxd6
15. Rd1 Rd8 16. Nd4 Nf5 17. Bg5 f6 18. Bd5+ Kh8 19. Nxf5 Bxf5 20. Be3 Rd7 21.
Rac1 Re7 22. Rd4 Be6 23. Re4 Rae8 24. Rxe6 Rxe6 25. Bxe6 f5 26. Rc8 Rxc8 27.
Bxc8 b6 28. b3 Kg8 29. Be6+ Kf8 30. Bd5 Ke7 31. Bg5+ Kd7 32. Be3 Ke7 33. h4 h6
34. Kf1 Kd7 35. Ke2 Kc7 36. Bf7 g5 37. hxg5 hxg5 38. Bxg5 Kc6 39. Be6 Kc5 40.
Bxf5 d5 41. Kd3 Kb4 42. Be7+ Kb5 43. Bd7+ 1-0

[Event "Jean-Pierre Roy mem"]
[Site "Gatineau CAN"]
[Date "2003.11.11"]
[Round "5"]
[White "Roy, Roger"]
[Black "Pepin, Christian"]
[Result "0-1"]
[WhiteElo "1731"]
[BlackElo "2023"]
[PlyCount "62"]
[EventDate "2003.10.14"]
[EventType "swiss"]
[EventRounds "5"]
[EventCountry "CAN"]

1. d4 f5 2. Nf3 Nf6 3. c4 e6 4. Qc2 c6 5. Nc3 d5 6. e3 Bd6 7. cxd5 exd5 8. Bd3
Ne4 9. Ne5 O-O 10. g3 Be6 11. f3 Ng5 12. Qg2 Bxe5 13. dxe5 Nd7 14. h4 Nxe5 15.
hxg5 Nxd3+ 16. Ke2 Nxc1+ 17. Raxc1 Qxg5 18. f4 Qf6 19. Rcd1 Rfe8 20. Qh2 h6 21.
Kf2 Rad8 22. Qh5 Bf7 23. Qh4 Qd6 24. g4 fxg4 25. Qxg4 Qb4 26. Rd2 d4 27. exd4
Rxd4 28. Rxd4 Qxd4+ 29. Kg2 Qd2+ 30. Kg3 Re3+ 31. Kh4 Qd8+ 0-1

[Event "July Masters"]
[Site "Victoria CAN"]
[Date "2003.07.11"]
[Round "1.1"]
[White "Yoos, John"]
[Black "Milicevic, Dragoljub"]
[Result "1-0"]
[WhiteElo "2426"]
[BlackElo "2210"]
[PlyCount "77"]
[EventDate "2003.07.11"]
[EventType "tourn"]
[EventRounds "5"]
[EventCountry "CAN"]

1. e4 d5 2. exd5 Nf6 3. d4 Nxd5 4. Nf3 g6 5. c4 Nb6 6. h3 Bg7 7. Nc3 O-O 8. Be3
c6 9. Qd2 Re8 10. Rd1 Bf5 11. Be2 Qc8 12. O-O f6 13. Rfe1 g5 14. d5 c5 15. Qc1
N8d7 16. b3 a6 17. Nd2 Ne5 18. Nde4 Nbd7 19. Ng3 Bg6 20. Nh5 Bh8 21. f4 Nf7 22.
Rf1 gxf4 23. Nxf4 Nf8 24. Na4 e5 25. dxe6 Nxe6 26. Nxg6 hxg6 27. Nb6 Qc7 28.
Nxa8 Rxa8 29. Bf3 f5 30. Bd5 Nd4 31. Bxd4 Bxd4+ 32. Kh1 Kg7 33. Bxf7 Kxf7 34.
Rde1 Rh8 35. Qf4 Qd7 36. Qf3 Kf6 37. Re4 Kg7 38. Re2 f4 39. Qxf4 1-0

[Event "July Masters"]
[Site "Victoria CAN"]
[Date "2003.07.11"]
[Round "1.2"]
[White "Stanford, Mike"]
[Black "Reeve, Jeff"]
[Result "1/2-1/2"]
[WhiteElo "2172"]
[BlackElo "2371"]
[PlyCount "107"]
[EventDate "2003.07.11"]
[EventType "tourn"]
[EventRounds "5"]
[EventCountry "CAN"]

1. e4 c5 2. Nf3 d6 3. d4 cxd4 4. Nxd4 Nf6 5. Nc3 g6 6. Be3 Bg7 7. f3 O-O 8. Qd2
Nc6 9. Bc4 Bd7 10. O-O-O Rc8 11. Bb3 Nxd4 12. Bxd4 b5 13. e5 dxe5 14. Bxe5 Bc6
15. Qxd8 Rfxd8 16. Rxd8+ Rxd8 17. Rd1 Bh6+ 18. Kb1 Rxd1+ 19. Nxd1 Nd7 20. Bd4
a5 21. c4 b4 22. Nf2 e5 23. Ba7 Bf8 24. Kc1 f5 25. Bc2 Kf7 26. Kd2 Ke6 27. b3
h5 28. h3 h4 29. Ke2 Kf6 30. Be3 Bc5 31. Bxc5 Nxc5 32. Ke3 g5 33. Ke2 Ne6 34.
Bb1 Nf4+ 35. Kf1 Ke6 36. Bc2 Nh5 37. Ke2 Kd6 38. Ke3 Bd7 39. Nd3 Nf4 40. Nxf4
gxf4+ 41. Kd2 Kc5 42. Bd1 Kd4 43. Be2 e4 44. Bd1 Bc6 45. Be2 a4 46. Bd1 a3 47.
Be2 Bd7 48. Bd1 e3+ 49. Kc2 e2 50. Bxe2 Ke3 51. Kd1 Kf2 52. Kd2 Kxg2 53. Ke1
Bc6 54. Bd1 1/2-1/2

[Event "July Masters"]
[Site "Victoria CAN"]
[Date "2003.07.11"]
[Round "1.3"]
[White "Tegzes, Laszlo"]
[Black "Wu, Howard"]
[Result "0-1"]
[WhiteElo "2201"]
[BlackElo "2166"]
[PlyCount "82"]
[EventDate "2003.07.11"]
[EventType "tourn"]
[EventRounds "5"]
[EventCountry "CAN"]

1. e4 c5 2. c3 Nf6 3. e5 Nd5 4. d4 cxd4 5. Nf3 Nc6 6. cxd4 g6 7. Bc4 Nb6 8. Bb3
Bg7 9. O-O d6 10. Ng5 O-O 11. f4 dxe5 12. dxe5 Qxd1 13. Bxd1 Bf5 14. Nc3 Bd3
15. Re1 Rac8 16. Bg4 Rcd8 17. Be3 Nc4 18. b3 Na3 19. Bd1 Nd4 20. Bxd4 Rxd4 21.
Rc1 Rxf4 22. Nd5 Bxe5 23. Nxf4 Bxf4 24. Rc5 b6 25. Rd5 Bf5 26. Nf3 Be6 27. Rd4
Bd6 28. Rh4 Bc5+ 29. Kh1 Bf2 30. Rxe6 Bxh4 31. Re4 Bf6 32. Be2 Rc8 33. g3 Nb1
34. Bc4 Nc3 35. Re1 b5 36. Bd3 b4 37. Bc4 Rc5 38. g4 h6 39. h4 g5 40. hxg5 hxg5
41. Nd2 Ra5 0-1

[Event "July Masters"]
[Site "Victoria CAN"]
[Date "2003.07.12"]
[Round "2.1"]
[White "Milicevic, Dragoljub"]
[Black "Wu, Howard"]
[Result "0-1"]
[WhiteElo "2210"]
[BlackElo "2166"]
[PlyCount "130"]
[EventDate "2003.07.11"]
[EventType "tourn"]
[EventRounds "5"]
[EventCountry "CAN"]

1. e4 c5 2. Nc3 Nc6 3. g3 g6 4. Bg2 Bg7 5. d3 e6 6. Be3 Nd4 7. Qd2 Qa5 8. Nh3
Ne7 9. O-O O-O 10. Nd5 Qd8 11. Nxe7+ Qxe7 12. c3 Nc6 13. Bh6 d6 14. Rae1 e5 15.
Bxg7 Kxg7 16. f4 f6 17. a3 b6 18. b4 Bd7 19. Nf2 Rac8 20. Nd1 cxb4 21. axb4 a5
22. b5 Nd8 23. c4 Ne6 24. Ne3 Nd4 25. Rf2 Qd8 26. Ref1 Be6 27. g4 Qd7 28. h3 a4
29. f5 Bg8 30. g5 gxf5 31. Nxf5+ Nxf5 32. Rxf5 Be6 33. gxf6+ Kh8 34. R5f3 Rf7
35. Rg3 Rg8 36. Rxg8+ Kxg8 37. Kh2 Qd8 38. Qg5+ Kh8 39. Ra1 Qa8 40. Bf3 a3 41.
Bh5 h6 42. Qxh6+ Rh7 43. Qg5 Qg8 44. Qh4 Qd8 45. f7 Qxh4 46. f8=Q+ Bg8 47. Rg1
Qf4+ 48. Qxf4 exf4 49. Bg4 a2 50. Ra1 Ra7 51. Kg2 Ra3 52. Be2 Kg7 53. Kf3 Bxc4
54. Kxf4 Bxb5 55. Ke3 Ba4 56. Kd2 b5 57. d4 b4 58. h4 Bb3 59. h5 d5 60. e5 Bc4
61. Bd1 Rd3+ 62. Kc1 Rxd4 63. Bc2 b3 64. Bd1 Rxd1+ 65. Kxd1 b2 0-1

[Event "July Masters"]
[Site "Victoria CAN"]
[Date "2003.07.12"]
[Round "2.2"]
[White "Reeve, Jeff"]
[Black "Tegzes, Laszlo"]
[Result "1/2-1/2"]
[WhiteElo "2371"]
[BlackElo "2201"]
[PlyCount "71"]
[EventDate "2003.07.11"]
[EventType "tourn"]
[EventRounds "5"]
[EventCountry "CAN"]

1. e4 c5 2. Nf3 e6 3. d4 cxd4 4. Nxd4 Nf6 5. Nc3 Nc6 6. Ndb5 d6 7. Bf4 e5 8.
Bg5 a6 9. Na3 b5 10. Bxf6 gxf6 11. Nd5 f5 12. Bd3 Be6 13. O-O Bg7 14. Qh5 f4
15. c4 bxc4 16. Bxc4 O-O 17. Rac1 Ne7 18. Rfd1 Ra7 19. Qe2 Kh8 20. f3 Bxd5 21.
Bxd5 f5 22. Rc3 fxe4 23. fxe4 Ng6 24. Rdc1 f3 25. Rxf3 Rxf3 26. Qxf3 Bh6 27.
Rc3 Nf4 28. Qg4 Rd7 29. Rc6 Nxd5 30. exd5 Be3+ 31. Kh1 Qf8 32. h4 Qf1+ 33. Kh2
Qg1+ 34. Kh3 Qh1+ 35. Kg3 Qe1+ 36. Kh3 1/2-1/2

[Event "July Masters"]
[Site "Victoria CAN"]
[Date "2003.07.12"]
[Round "2.3"]
[White "Yoos, John"]
[Black "Stanford, Mike"]
[Result "1-0"]
[WhiteElo "2426"]
[BlackElo "2172"]
[PlyCount "79"]
[EventDate "2003.07.11"]
[EventType "tourn"]
[EventRounds "5"]
[EventCountry "CAN"]

1. e4 c5 2. Nf3 e6 3. d4 cxd4 4. Nxd4 a6 5. Bd3 Ne7 6. Qe2 Nbc6 7. Nb3 Ng6 8.
f4 Qc7 9. O-O b5 10. Be3 Bb7 11. a4 bxa4 12. Rxa4 Nb4 13. Na5 Bc8 14. Nd2 Rb8
15. Kh1 Nxd3 16. Qxd3 Bb4 17. Nac4 Qc6 18. Qb3 Bxd2 19. Qxb8 Bxe3 20. Nxe3 Qxa4
21. Qxc8+ Ke7 22. Qc5+ d6 23. Qa7+ Qd7 24. Qxa6 Rb8 25. b3 Qb5 26. Qxb5 Rxb5
27. g3 Nf8 28. Ra1 Nd7 29. Ra7 g6 30. Kg2 f5 31. Kf3 Rc5 32. exf5 exf5 33. c4
Ke6 34. Nd5 Rc6 35. Ke3 h6 36. Kd4 h5 37. h4 Rc5 38. b4 Rc6 39. Kd3 Rc8 40.
Rxd7 1-0

[Event "July Masters"]
[Site "Victoria CAN"]
[Date "2003.07.12"]
[Round "3.1"]
[White "Stanford, Mike"]
[Black "Milicevic, Dragoljub"]
[Result "1-0"]
[WhiteElo "2172"]
[BlackElo "2210"]
[PlyCount "113"]
[EventDate "2003.07.11"]
[EventType "tourn"]
[EventRounds "5"]
[EventCountry "CAN"]

1. e4 c6 2. d4 Na6 3. Bd3 g6 4. c3 Nc7 5. f4 Bg7 6. Qf3 d5 7. e5 Nh6 8. h3 f5
9. Ne2 Be6 10. Be3 Qd7 11. Nd2 a5 12. b3 O-O 13. Qf2 b5 14. a3 Rab8 15. Qh4 Na8
16. g4 Nb6 17. g5 Nf7 18. Qg3 Rfc8 19. h4 Nd8 20. h5 Nb7 21. b4 axb4 22. axb4
Ra8 23. Kf2 Nc4 24. Qh3 Kf7 25. Nf3 Qd8 26. Nh4 Rxa1 27. Rxa1 Ra8 28. Rh1 Qh8
29. Ng3 Nd8 30. Nxg6 Qg8 31. Nh4 Ke8 32. Bxf5 Bxf5 33. Qxf5 e6 34. Qd3 Bf8 35.
g6 h6 36. Rb1 Be7 37. Ng2 Qf8 38. Bc1 Ra2+ 39. Kg1 Na3 40. Bxa3 Rxa3 41. Qd2
Kd7 42. Qb2 Ra4 43. Ra1 Rxa1+ 44. Qxa1 Ke8 45. Qb1 Bh4 46. Kh2 Be7 47. Kh3 Kd7
48. f5 Bg5 49. Kg4 exf5+ 50. Qxf5+ Qxf5+ 51. Nxf5 Ke8 52. Nf4 Kf8 53. e6 Bf6
54. Nxh6 c5 55. bxc5 b4 56. cxb4 Bxd4 57. Nf5 1-0

[Event "July Masters"]
[Site "Victoria CAN"]
[Date "2003.07.12"]
[Round "3.2"]
[White "Tegzes, Laszlo"]
[Black "Yoos, John"]
[Result "0-1"]
[WhiteElo "2201"]
[BlackElo "2426"]
[PlyCount "80"]
[EventDate "2003.07.11"]
[EventType "tourn"]
[EventRounds "5"]
[EventCountry "CAN"]

1. e4 d6 2. d4 g6 3. Nc3 Bg7 4. Be3 c6 5. Be2 b5 6. h4 b4 7. Nb1 Nf6 8. Nd2 h5
9. f3 Qc7 10. Nh3 Bxh3 11. Rxh3 Nbd7 12. a3 bxa3 13. Rxa3 O-O 14. g4 e5 15. g5
Ne8 16. dxe5 Nxe5 17. f4 Nd7 18. Nc4 Qc8 19. Bd4 d5 20. Bxg7 Nxg7 21. exd5 cxd5
22. Qxd5 Ne6 23. Rhf3 Qc7 24. Ra6 Ndc5 25. Rd6 Rad8 26. f5 Nb7 27. Rxd8 Rxd8
28. Qe5 Qxe5 29. Nxe5 Nd4 30. Rf4 Nxe2 31. Kxe2 Re8 32. Re4 Nd6 33. fxg6 fxg6
34. Re3 Nf5 35. Nc4 Nxe3 36. Nxe3 Re4 37. Kd3 Rxh4 38. c4 Kf7 39. b4 Ke6 40. b5
Kd6 0-1

[Event "July Masters"]
[Site "Victoria CAN"]
[Date "2003.07.12"]
[Round "3.3"]
[White "Wu, Howard"]
[Black "Reeve, Jeff"]
[Result "0-1"]
[WhiteElo "2166"]
[BlackElo "2371"]
[PlyCount "90"]
[EventDate "2003.07.11"]
[EventType "tourn"]
[EventRounds "5"]
[EventCountry "CAN"]

1. e4 c5 2. Nf3 Nc6 3. d4 cxd4 4. Nxd4 Nf6 5. Nc3 e5 6. Ndb5 d6 7. Bg5 a6 8.
Bxf6 gxf6 9. Na3 b5 10. Nd5 Bg7 11. c3 f5 12. exf5 Bxf5 13. Nc2 Be6 14. Nce3
Ne7 15. Be2 Nxd5 16. Nxd5 O-O 17. O-O f5 18. a4 Rb8 19. axb5 axb5 20. Ra6 Bc8
21. Ra7 Kh8 22. b4 e4 23. Ra5 Bd7 24. f4 exf3 25. Bxf3 Be5 26. Qd2 Rg8 27. Qh6
Rc8 28. Kh1 Rc4 29. Ra8 Bc8 30. h3 Rh4 31. Qd2 Qd7 32. Qf2 Bg3 33. Qa7 Qxa7 34.
Rxa7 Be6 35. Nf6 Rf8 36. Nd5 Be5 37. Nc7 Bc4 38. Rc1 Rc8 39. Rca1 Bxc3 40. Ra8
Rxa8 41. Rxa8+ Kg7 42. Ne8+ Kg6 43. Ra6 Bxb4 44. Nxd6 Kg5 45. Kh2 Rh6 0-1

[Event "July Masters"]
[Site "Victoria CAN"]
[Date "2003.07.13"]
[Round "4.1"]
[White "Milicevic, Dragoljub"]
[Black "Reeve, Jeff"]
[Result "0-1"]
[WhiteElo "2210"]
[BlackElo "2371"]
[PlyCount "94"]
[EventDate "2003.07.11"]
[EventType "tourn"]
[EventRounds "5"]
[EventCountry "CAN"]

1. g3 g6 2. Bg2 Bg7 3. c4 d6 4. Nc3 e5 5. e4 Nc6 6. d3 Nge7 7. Bg5 O-O 8. Qd2
Nd4 9. h4 h5 10. O-O-O c6 11. Bh6 Be6 12. Bxg7 Kxg7 13. Nge2 Nxe2+ 14. Nxe2 b5
15. Qc3 f6 16. f4 Bg4 17. Rd2 c5 18. Kb1 Rb8 19. Ng1 Nc6 20. Bf3 Qd7 21. Qc1
Nd4 22. Qd1 bxc4 23. Bxg4 Qxg4 24. Qxg4 hxg4 25. dxc4 exf4 26. gxf4 Rfe8 27.
Ne2 Rxe4 28. Nxd4 cxd4 29. Rf1 f5 30. Kc2 Kh6 31. b3 Kh5 32. Kd3 Rbe8 33. Rg2
Re1 34. Rxe1 Rxe1 35. Kxd4 Kxh4 36. Rd2 g3 37. Kd5 Kh3 38. Kxd6 g2 39. Rxg2
Kxg2 40. c5 Kf3 41. c6 Kxf4 42. c7 Rc1 43. b4 g5 44. b5 g4 45. a4 g3 46. a5 g2
47. b6 g1=Q 0-1

[Event "July Masters"]
[Site "Victoria CAN"]
[Date "2003.07.13"]
[Round "4.2"]
[White "Yoos, John"]
[Black "Wu, Howard"]
[Result "1-0"]
[WhiteElo "2426"]
[BlackElo "2166"]
[PlyCount "83"]
[EventDate "2003.07.11"]
[EventType "tourn"]
[EventRounds "5"]
[EventCountry "CAN"]

1. e4 c5 2. Nf3 Nc6 3. d4 cxd4 4. Nxd4 Nf6 5. Nc3 d6 6. Bg5 e6 7. Qd2 a6 8.
O-O-O Bd7 9. f4 b5 10. Bxf6 gxf6 11. Kb1 Qb6 12. Nxc6 Bxc6 13. Qe1 O-O-O 14.
Bd3 b4 15. Ne2 d5 16. e5 f5 17. Nd4 Bb7 18. Nf3 Be7 19. Qe2 Rhg8 20. Nd2 Rg4
21. Rhf1 Rdg8 22. g3 h5 23. Qe1 h4 24. Be2 R4g7 25. gxh4 Rg2 26. Nf3 Qe3 27.
Bd3 Qxf4 28. Ng5 Qxh2 29. Qe3 Qxh4 30. Nf3 Qg3 31. Qa7 Kc7 32. Bxa6 Rb8 33. Nd4
Qxe5 34. Rde1 Qg3 35. Nxf5 Qg6 36. Bd3 Qg5 37. Ne3 Ra8 38. Qd4 e5 39. Nxd5+
Bxd5 40. Qxd5 Rf8 41. Rf5 Qh4 42. Qxg2 1-0

[Event "July Masters"]
[Site "Victoria CAN"]
[Date "2003.07.13"]
[Round "4.3"]
[White "Stanford, Mike"]
[Black "Tegzes, Laszlo"]
[Result "1/2-1/2"]
[WhiteElo "2172"]
[BlackElo "2201"]
[PlyCount "74"]
[EventDate "2003.07.11"]
[EventType "tourn"]
[EventRounds "5"]
[EventCountry "CAN"]

1. e4 c5 2. Nf3 e6 3. d4 cxd4 4. Nxd4 Nf6 5. Nc3 Nc6 6. Ndb5 d6 7. Bf4 e5 8.
Bg5 a6 9. Na3 b5 10. Bxf6 gxf6 11. Nd5 f5 12. Bd3 Be6 13. O-O Bg7 14. Qh5 f4
15. c4 bxc4 16. Bxc4 O-O 17. Rac1 Ne7 18. Rfd1 Bxd5 19. Bxd5 Rc8 20. Nc4 Nxd5
21. Rxd5 Rc5 22. Rxc5 dxc5 23. Rd1 Qb8 24. Rd5 Qb4 25. Qe2 f5 26. f3 fxe4 27.
Qxe4 Rb8 28. Rd7 Rf8 29. Qd5+ Kh8 30. Kf1 e4 31. Rb7 Qa4 32. fxe4 Qxa2 33. Nd6
Qb1+ 34. Ke2 f3+ 35. Kd2 Bh6+ 36. Kc3 Bg7+ 37. Kd2 Bh6+ 1/2-1/2

[Event "July Masters"]
[Site "Victoria CAN"]
[Date "2003.07.13"]
[Round "5.2"]
[White "Wu, Howard"]
[Black "Stanford, Mike"]
[Result "1/2-1/2"]
[WhiteElo "2166"]
[BlackElo "2172"]
[PlyCount "27"]
[EventDate "2003.07.11"]
[EventType "tourn"]
[EventRounds "5"]
[EventCountry "CAN"]

1. e4 c5 2. Nc3 Nc6 3. Nge2 e6 4. d4 cxd4 5. Nxd4 Qc7 6. Be3 Nf6 7. Be2 a6 8.
O-O b5 9. a3 Bb7 10. Nb3 Ne5 11. f3 Nc4 12. Bxc4 bxc4 13. Nd4 Bd6 14. g3
1/2-1/2

[Event "July Masters"]
[Site "Victoria CAN"]
[Date "2003.07.13"]
[Round "5.3"]
[White "Reeve, Jeff"]
[Black "Yoos, John"]
[Result "1/2-1/2"]
[WhiteElo "2371"]
[BlackElo "2426"]
[PlyCount "30"]
[EventDate "2003.07.11"]
[EventType "tourn"]
[EventRounds "5"]
[EventCountry "CAN"]

1. e4 c5 2. Nf3 Nc6 3. d4 cxd4 4. Nxd4 Nf6 5. Nc3 e5 6. Ndb5 d6 7. Bg5 a6 8.
Na3 b5 9. Naxb5 axb5 10. Bxf6 gxf6 11. Nd5 Bg7 12. Bd3 Ne7 13. Nxe7 Qxe7 14.
O-O f5 15. c4 O-O 1/2-1/2

[Event "July TNT"]
[Site "Winnipeg CAN"]
[Date "2003.07.08"]
[Round "1"]
[White "Charter, Bennet"]
[Black "Babb, Jeff"]
[Result "1/2-1/2"]
[WhiteElo "1697"]
[BlackElo "2150"]
[PlyCount "85"]
[EventDate "2003.07.08"]
[EventType "swiss"]
[EventRounds "4"]
[EventCountry "CAN"]

1. e4 e5 2. Nf3 Nc6 3. Bb5 a6 4. Ba4 Nf6 5. O-O Nxe4 6. d4 b5 7. Bb3 d5 8. dxe5
Be6 9. Re1 Bc5 10. Be3 Bxe3 11. Rxe3 Na5 12. Nbd2 Nxd2 13. Qxd2 Nc4 14. Bxc4
bxc4 15. Rd1 c5 16. Ra3 a5 17. b3 d4 18. Qe2 Qb6 19. Nd2 c3 20. Nc4 Bxc4 21.
Qxc4 O-O 22. Re1 Rfe8 23. f4 Re7 24. Ra4 Rd8 25. Qd3 Rde8 26. Rc4 f6 27. Qe4
fxe5 28. Qd5+ Kh8 29. Rxe5 Rxe5 30. fxe5 h6 31. Qxc5 Qg6 32. Qxd4 Qxc2 33. Rxc3
Qb1+ 34. Kf2 Qxa2+ 35. Kg3 Qa1 36. Qe3 a4 37. bxa4 Qxa4 38. Qf4 Qd1 39. Re3 Qd5
40. Qe4 Qe6 41. Qg4 Qb6 42. Qf4 Qg6+ 43. Qg4 1/2-1/2

[Event "July TNT"]
[Site "Winnipeg CAN"]
[Date "2003.07.08"]
[Round "1"]
[White "Cleto, Sam"]
[Black "Anderson, George"]
[Result "1-0"]
[WhiteElo "1855"]
[BlackElo "1553"]
[PlyCount "74"]
[EventDate "2003.07.08"]
[EventType "swiss"]
[EventRounds "4"]
[EventCountry "CAN"]

1. Nf3 c5 2. c4 b6 3. g3 Bb7 4. Bg2 Nc6 5. Nc3 e6 6. O-O Nf6 7. e4 d6 8. d3 h6
9. Re1 e5 10. Nd5 Be7 11. a3 Nd4 12. b4 Bxd5 13. cxd5 Rc8 14. Bh3 Rc7 15. Nxd4
cxd4 16. Bd2 h5 17. Qa4+ Nd7 18. Rac1 h4 19. Rxc7 Qxc7 20. Rc1 Qb7 21. Qc6 Qxc6
22. dxc6 Bd8 23. Bxd7+ Ke7 24. c7 Bxc7 25. Rxc7 hxg3 26. hxg3 d5 27. b5 dxe4
28. dxe4 Kd6 29. Rxa7 Kc5 30. Kf1 Kc4 31. Ke2 Rd8 32. Rc7+ Kb3 33. Kd3 Kxa3 34.
Kc2 Ra8 35. Bc6 Ra4 36. Bd5 d3+ 37. Kc3 f5 1-0

[Event "July TNT"]
[Site "Winnipeg CAN"]
[Date "2003.07.08"]
[Round "1"]
[White "Essery, Richard"]
[Black "Gibson, Fred"]
[Result "1-0"]
[WhiteElo "1737"]
[BlackElo "1190"]
[PlyCount "33"]
[EventDate "2003.07.08"]
[EventType "swiss"]
[EventRounds "4"]
[EventCountry "CAN"]

1. Nf3 d5 2. b3 c5 3. Bb2 e6 4. e3 Bd7 5. Ne5 Nf6 6. Nxd7 Nbxd7 7. g3 Be7 8.
Bg2 O-O 9. d3 Qc7 10. O-O Ne5 11. Qe2 Neg4 12. Nd2 Bd6 13. e4 Rae8 14. h3 Ne5
15. f4 Nfd7 16. fxe5 Be7 17. exd5 1-0

[Event "July TNT"]
[Site "Winnipeg CAN"]
[Date "2003.07.08"]
[Round "1"]
[White "Khedkar, Jay"]
[Black "Shome, Devarshi"]
[Result "0-1"]
[WhiteElo "1947"]
[BlackElo "1624"]
[PlyCount "42"]
[EventDate "2003.07.08"]
[EventType "swiss"]
[EventRounds "4"]
[EventCountry "CAN"]

1. e4 e6 2. d4 d5 3. Nc3 Bb4 4. e5 c5 5. a3 Bxc3+ 6. bxc3 Ne7 7. Qg4 Qc7 8.
Qxg7 Rg8 9. Qxh7 cxd4 10. Ne2 Nbc6 11. f4 dxc3 12. Nxc3 Nd4 13. Qd3 Nef5 14.
Kd1 Bd7 15. a4 Rc8 16. Nb5 Bxb5 17. axb5 Nxc2 18. Rxa7 Qb6 19. Ra4 Qf2 20. Be2
Rxg2 21. Qf3 Nfe3+ 0-1

[Event "July TNT"]
[Site "Winnipeg CAN"]
[Date "2003.07.08"]
[Round "1"]
[White "Lafreniere, Adrian"]
[Black "Taylor, Evan"]
[Result "1-0"]
[WhiteElo "1806"]
[BlackElo "1402"]
[PlyCount "51"]
[EventDate "2003.07.08"]
[EventType "swiss"]
[EventRounds "4"]
[EventCountry "CAN"]

1. d4 d5 2. g3 Nf6 3. Bg2 Bf5 4. Nc3 e6 5. a3 c5 6. Nf3 Nc6 7. O-O Qb6 8. Na4
Qa5 9. c3 cxd4 10. cxd4 Bd6 11. Nh4 Bg6 12. Nc3 Bb8 13. f4 Ne7 14. Qb3 Qc7 15.
Bd2 Nf5 16. Nxf5 Bxf5 17. Rac1 Qd7 18. Na4 b6 19. Rc3 O-O 20. Rfc1 Bd6 21. Rc6
Rac8 22. Rxc8 Rxc8 23. Rxc8+ Qxc8 24. Nc3 Qa6 25. Bf1 Nd7 26. e4 1-0

[Event "July TNT"]
[Site "Winnipeg CAN"]
[Date "2003.07.08"]
[Round "1"]
[White "Milord, Frank"]
[Black "Van Wyk, Joseph"]
[Result "0-1"]
[WhiteElo "1567"]
[BlackElo "1930"]
[PlyCount "48"]
[EventDate "2003.07.08"]
[EventType "swiss"]
[EventRounds "4"]
[EventCountry "CAN"]

1. d4 d5 2. c4 e6 3. Nf3 Nf6 4. g3 c5 5. cxd5 exd5 6. e3 Nc6 7. Nc3 Bg4 8. Be2
Bh3 9. Bf1 Bxf1 10. Kxf1 Qd7 11. Kg2 O-O-O 12. a4 a5 13. b3 Ne4 14. Nb5 g5 15.
h3 Bg7 16. Ba3 h5 17. Rc1 g4 18. Nh4 gxh3+ 19. Kg1 Bf6 20. Nf3 h4 21. Nd2 Nxf2
22. Kxf2 hxg3+ 23. Kxg3 Rdg8+ 24. Kf2 Rg2+ 0-1

[Event "July TNT"]
[Site "Winnipeg CAN"]
[Date "2003.07.08"]
[Round "1"]
[White "Taylor, Jasper"]
[Black "Greenberg, Harley"]
[Result "0-1"]
[WhiteElo "1440"]
[BlackElo "1837"]
[PlyCount "83"]
[EventDate "2003.07.08"]
[EventType "swiss"]
[EventRounds "4"]
[EventCountry "CAN"]

1. d4 Nf6 2. Nf3 e6 3. Bf4 b6 4. e3 Bb7 5. Nbd2 Be7 6. Be2 O-O 7. O-O Nh5 8.
Bg3 Nxg3 9. hxg3 d6 10. c4 Nd7 11. e4 Bf6 12. Qc2 c5 13. d5 b5 14. Rad1 exd5
15. cxd5 a6 16. a4 c4 17. axb5 axb5 18. b3 c3 19. Nb1 b4 20. Nd4 Qb6 21. Nb5
Ba6 22. N1xc3 bxc3 23. Nxc3 Bxe2 24. Nxe2 Rfc8 25. Qb1 Ra1 26. Qd3 Rxd1 27.
Rxd1 Ne5 28. Qb1 Ng4 29. Rf1 g6 30. Nc1 Rc3 31. Nd3 Rxb3 32. Qd1 h5 33. Kh1
Rxd3 34. Qxd3 Nxf2+ 35. Rxf2 Qxf2 36. Qf3 Qe1+ 37. Kh2 Bd4 38. g4 Qg1+ 39. Kg3
Be5+ 40. Kh4 Qh2+ 41. Kg5 hxg4 42. Qxg4 0-1

[Event "July TNT"]
[Site "Winnipeg CAN"]
[Date "2003.07.08"]
[Round "1"]
[White "Vincent, Trevor"]
[Black "Prince, Colin"]
[Result "1/2-1/2"]
[WhiteElo "1996"]
[BlackElo "1682"]
[PlyCount "80"]
[EventDate "2003.07.08"]
[EventType "swiss"]
[EventRounds "4"]
[EventCountry "CAN"]

1. c4 Nf6 2. g3 g6 3. Bg2 Bg7 4. Nc3 c6 5. e4 O-O 6. Nge2 d6 7. O-O Bg4 8. f3
Bd7 9. d4 e5 10. Be3 Qc8 11. g4 Na6 12. Qd2 Nc7 13. Rfd1 exd4 14. Nxd4 Rd8 15.
Rac1 a6 16. Na4 c5 17. Nb6 Qb8 18. Ne2 Be6 19. Nxa8 Qxa8 20. Bxc5 Rd7 21. Be3
b5 22. cxb5 axb5 23. b3 d5 24. Bd4 dxe4 25. Qf4 Ncd5 26. Qe5 e3 27. Nc3 Ne8 28.
Qe4 Nd6 29. Qd3 Nf4 30. Qxe3 Nxg2 31. Kxg2 Bxg4 32. Bxg7 Nf5 33. Qf2 Bxf3+ 34.
Kg1 Bxd1 35. Bf6 Qc6 36. Bg5 Bf3 37. Nxb5 Qxc1+ 38. Bxc1 Rd1+ 39. Qf1 Rxf1+ 40.
Kxf1 Be4 1/2-1/2

[Event "July TNT"]
[Site "Winnipeg CAN"]
[Date "2003.07.08"]
[Round "1"]
[White "Zaczek, Jonathan"]
[Black "Nikouline, Alexandre"]
[Result "0-1"]
[WhiteElo "1653"]
[BlackElo "1993"]
[PlyCount "136"]
[EventDate "2003.07.08"]
[EventType "swiss"]
[EventRounds "4"]
[EventCountry "CAN"]

1. e4 c5 2. Nf3 Nc6 3. d4 cxd4 4. Nxd4 g6 5. Nc3 Bg7 6. Be3 Nf6 7. Bc4 O-O 8.
f3 Qb6 9. Bb3 Nxe4 10. Nce2 Nxd4 11. Nxd4 e5 12. Nf5 Qa5+ 13. c3 gxf5 14. fxe4
f4 15. Bd2 Qb6 16. h4 Qg6 17. Qf3 d6 18. h5 Qg5 19. g3 Qxg3+ 20. Qxg3 fxg3 21.
Rg1 Be6 22. Rxg3 Kh8 23. Bg5 Bxb3 24. h6 f6 25. hxg7+ Kxg7 26. Be3+ Kf7 27.
axb3 a6 28. Kf2 Rg8 29. Rag1 Rg6 30. Rh1 Rxg3 31. Kxg3 Rg8+ 32. Kf3 Rg7 33. c4
Ke6 34. Rh6 b5 35. Rh1 bxc4 36. bxc4 Rb7 37. Rb1 Rb3 38. Ke2 a5 39. Bc1 h5 40.
Ra1 Rb4 41. Kd3 f5 42. exf5+ Kxf5 43. Rxa5 h4 44. Kc3 Rb7 45. b4 Rg7 46. Be3
Ke4 47. Bb6 Rg3+ 48. Kd2 Rb3 49. b5 Rb1 50. Kc2 h3 51. Kxb1 h2 52. Ra3 h1=Q+
53. Kb2 Qd1 54. Ba7 Qe2+ 55. Kb3 d5 56. Ra4 d4 57. b6 Qd1+ 58. Ka3 d3 59. b7
Qa1+ 60. Kb4 Qb2+ 61. Ka5 Qxb7 62. c5+ Kd5 63. Bb6 Qa8+ 64. Kb4 Qxa4+ 65. Kxa4
d2 66. Kb5 d1=Q 67. Kb4 Qc2 68. Ba7 Qb2+ 0-1

[Event "July TNT"]
[Site "Winnipeg CAN"]
[Date "2003.07.15"]
[Round "2"]
[White "Charter, Bennet"]
[Black "Vincent, Trevor"]
[Result "0-1"]
[WhiteElo "1697"]
[BlackElo "1996"]
[PlyCount "68"]
[EventDate "2003.07.08"]
[EventType "swiss"]
[EventRounds "4"]
[EventCountry "CAN"]

1. e4 c5 2. c3 Nf6 3. e5 Nd5 4. d4 cxd4 5. Nf3 Nc6 6. cxd4 d6 7. Bc4 Nb6 8. Bb5
dxe5 9. Nxe5 Bd7 10. Nxd7 Qxd7 11. Nc3 e6 12. O-O Be7 13. Qg4 O-O 14. Rd1 Rfd8
15. Bh6 Bf8 16. Bg5 Be7 17. Bh6 g6 18. Bxc6 bxc6 19. Qf4 Nd5 20. Nxd5 Qxd5 21.
Qe5 f6 22. Qxd5 Rxd5 23. Be3 Rad8 24. Rd2 e5 25. Rad1 Bb4 26. Rd3 c5 27. Kf1 c4
28. Rc3 Bxc3 29. bxc3 Kf7 30. Rb1 R8d7 31. Rb4 Rc7 32. Ra4 exd4 33. Bxd4 Rxd4
34. cxd4 c3 0-1